| Tag |
First Indicator |
Second Indicator |
Subfields |
| LEADER |
00000cam a2200000 4500 |
| 001 |
in00001982948 |
| 006 |
m | d | |
| 007 |
cr |n||||||||n |
| 008 |
791208s1768 enk|||| s 00||||eng d |
| 005 |
20260414190744.6 |
| 035 |
|
|
|a (CStRLIN)ESTCT74253
|
| 040 |
|
|
|a Uk-ES
|c Uk-ES
|d CStRLIN
|d Thomson Gale
|d UtOrBLW
|
| 100 |
1 |
|
|a Stennett, Samuel,
|d 1727-1795.
|
| 245 |
1 |
2 |
|a A sermon occasioned by the death of the Reverend Mr. Samuel Burford :
|b preached in Goodmans-Fields April 24, 1768. By Samuel Stennett D.D. and an oration delivered at his interment by William Clarke. ...
|
| 250 |
|
|
|a The second edition.
|
| 264 |
|
3 |
|a London :
|b printed for J. Buckland; G. Keith; W. Harris; and R. Bishop,
|c 1768.
|
| 300 |
|
|
|a 2 unnumbered pages, 62p. ;
|c 8⁰.
|
| 336 |
|
|
|a text
|b txt
|2 rdacontent
|
| 337 |
|
|
|a computer
|b c
|2 rdamedia
|
| 338 |
|
|
|a online resource
|b cr
|2 rdacarrier
|
| 500 |
|
|
|a Reproduction of original from the British Library.
|
| 510 |
4 |
|
|a English Short Title Catalog,
|c ESTCT74253.
|
| 533 |
|
|
|a Electronic reproduction.
|b Farmington Hills, Mich. :
|c Thomson Gale,
|d 2003.
|n Available via the World Wide Web.
|n Access limited by licensing agreements
|7 s2003 miunns
|
| 500 |
|
|
|a Electronic resource.
|
| 830 |
|
0 |
|a Eighteenth century collections online.
|
| 856 |
4 |
0 |
|u http://proxy.library.tamu.edu/login?url=https://galenet.galegroup.com/servlet/ECCO?c=1&stp=Author&ste=11&af=BN&ae=T074253&tiPG=1&dd=0&dc=flc&docNum=CW122279642&vrsn=1.0&srchtp=a&d4=0.33&n=10&SU=0LRF&locID=txshracd2898
|z Full text online
|t 0
|
| 999 |
|
|
|a MARS
|
| 999 |
f |
f |
|s 2747f842-a67b-3883-89df-2abe0505f7fb
|i b1e50320-b2bb-3a3d-ba07-22616692403a
|t 0
|
| 952 |
f |
f |
|a Texas A&M University
|b College Station
|c Electronic Resources
|s www_evans
|d Available Online
|t 0
|h No information provided
|
| 998 |
f |
f |
|t 0
|l Available Online
|